00682nam a2200241 a 4500001001300000003000900013005001700022008004100039020001000080082001600090100001000106245005300116260003100169300000800200500003500208505001000243650002600253700001000279902000800289942000700297952011900304999001700423nice12345678IN_TiNIC20260116015400.0120111s2011 dela grp 000 0 eng  ac10000a303.61bHMI aHmi,  aManual for Facilitating Peace Building Processes aDelhi bMedia House c2011 a53p aincludes index and biblioraphy2 aIndex aPeace Building-Manual1 aHmi,  bSRS cBK 001040708StackRoom-aHMIbHMId2012-01-11g100.00l0o303.61 HMIp11002351r2012-01-11v100.00w2012-01-11yBK c19472d19472